[Event "Sarajevo Agentlocator"]
[Site "Sarajevo"]
[Date "2023.12.23"]
[Round "7"]
[White "Konjicanin, Muris"]
[Black "Marjanovic, Dejan"]
[Result "1-0"]
[WhiteElo "2201"]
[BlackElo "2361"]
[PlyCount "121"]
[EventDate "2023.12.22"]
[EventType "tourn (rapid)"]
[EventRounds "11"]
[EventCountry "BIH"]
[EventCategory "6"]
[SourceTitle "CB52_2023"]
[SourceDate "2023.12.27"]
[SourceVersion "1"]
[SourceVersionDate "2023.12.27"]
[SourceQuality "1"]

1. d4 d5 2. c4 e6 3. Nc3 h6 4. Nf3 Nf6 5. Bf4 Bd6 6. Bxd6 Qxd6 7. e3 0-0 8. Be2 dxc4 9. Bxc4 c5 10. 0-0 Nc6 11. dxc5 Qxc5 12. Be2 Rd8 13. Qb3 b6 14. Rac1 Qe7 15. Rfd1 Bb7 16. Rxd8+ Rxd8 17. Rd1 Rc8 18. a3 Na5 19. Qb5 Nd5 20. Nxd5 Bxd5 21. Nd4 Qc7 22. Qd3 Nc4 23. Qb1 Ne5 24. Ba6 Rd8 25. Be2 Rc8 26. Ba6 Ng4 27. g3 Rd8 28. Be2 Ne5 29. Nb5 Qe7 30. e4 Bb3 31. Rxd8+ Qxd8 32. Qc1 a6 33. Nc3 b5 34. Qe3 Nc4 35. Bxc4 Bxc4 36. Kg2 a5 37. h3 b4 38. axb4 axb4 39. Nb1 e5 40. Nd2 Be6 41. Nf3 f6 42. Nh4 b3 43. Nf5 h5 44. Qf3 g6 45. Ne3 Kg7 46. g4 hxg4 47. Nxg4 Bxg4 48. hxg4 Qb6 49. Qd3 Qb4 50. g5 fxg5 51. Qd7+ Kf8 52. Qd8+ Kf7 53. Qd5+ Kf6 54. Qd8+ Qe7 55. Qg8 Qf7 56. Qh8+ Ke6 57. Qc8+ Kd6 58. Qb8+ Ke6 59. Qxb3+ Kf6 60. Qxf7+ Kxf7 61. Kg3 1-0

[Event "Sarajevo Agentlocator"]
[Site "Sarajevo"]
[Date "2023.12.22"]
[Round "1"]
[White "Dizdarevic, Emir"]
[Black "Konjicanin, Muris"]
[Result "1/2-1/2"]
[WhiteElo "2358"]
[BlackElo "2201"]
[PlyCount "56"]
[EventDate "2023.12.22"]
[EventType "tourn (rapid)"]
[EventRounds "11"]
[EventCountry "BIH"]
[EventCategory "6"]
[SourceTitle "CB52_2023"]
[SourceDate "2023.12.27"]
[SourceVersion "1"]
[SourceVersionDate "2023.12.27"]
[SourceQuality "1"]

1. Nf3 g6 2. d4 Nf6 3. Nbd2 d5 4. e3 Bg7 5. b4 0-0 6. Be2 a5 7. b5 c5 8. bxc6 bxc6 9. Ba3 Ba6 10. 0-0 Bxe2 11. Qxe2 Nbd7 12. Rab1 Re8 13. c4 a4 14. cxd5 cxd5 15. Rb5 Qc8 16. Rfb1 Qa6 17. Qf1 e6 18. Rb7 Qxf1+ 19. Kxf1 Rec8 20. Ke2 Bf8 21. Bxf8 Kxf8 22. Kd3 Ra6 23. R1b4 Ke8 24. h3 h6 25. a3 Rc1 26. Rb1 Rc8 27. R1b4 Rc1 28. Rb1 Rc8 1/2-1/2

[Event "Bodensee op"]
[Site "Bregenz"]
[Date "2023.05.16"]
[Round "4"]
[White "Biro, Sandor"]
[Black "Konjicanin, Muris"]
[Result "0-1"]
[WhiteElo "2089"]
[BlackElo "2220"]
[PlyCount "70"]
[EventDate "2023.05.13"]
[EventType "swiss"]
[EventRounds "9"]
[EventCountry "AUT"]
[SourceTitle "CBM 215 Extra"]
[Source "ChessBase"]
[SourceDate "2023.09.30"]
[SourceVersion "1"]
[SourceVersionDate "2023.09.30"]
[SourceQuality "1"]

1. e4 e6 2. d4 d5 3. Bd3 dxe4 4. Bxe4 Nf6 5. Bf3 c5 6. Ne2 Nc6 7. Be3 Nd5 8. Bxd5 Qxd5 9. Nbc3 Qc4 10. b3 Qa6 11. dxc5 Be7 12. 0-0 0-0 13. a3 Rd8 14. Qe1 Bd7 15. f4 Rac8 16. f5 exf5 17. Nd5 Bf8 18. Nef4 Be6 19. c4 Ne5 20. Nb4 Qa5 21. Nxe6 fxe6 22. Kh1 Nf7 23. Bg1 Ng5 24. Qe5 Bxc5 25. Nd5 exd5 26. b4 Qc7 27. Qxc7 Rxc7 28. Bxc5 dxc4 29. Bxa7 Rd5 30. a4 Ne4 31. b5 c3 32. b6 Rcc5 33. Bb8 c2 34. Bf4 Rd1 35. a5 Rxa5 0-1

[Event "Bodensee op"]
[Site "Bregenz"]
[Date "2023.05.15"]
[Round "3"]
[White "Konjicanin, Muris"]
[Black "Federer, Colin"]
[Result "1-0"]
[WhiteElo "2220"]
[BlackElo "1942"]
[PlyCount "105"]
[EventDate "2023.05.13"]
[EventType "swiss"]
[EventRounds "9"]
[EventCountry "AUT"]
[SourceTitle "CBM 215 Extra"]
[Source "ChessBase"]
[SourceDate "2023.09.30"]
[SourceVersion "1"]
[SourceVersionDate "2023.09.30"]
[SourceQuality "1"]

1. d4 Nf6 2. Nf3 g6 3. e3 Bg7 4. b3 c5 5. Bb2 cxd4 6. Nxd4 0-0 7. c4 Nc6 8. Be2 d5 9. cxd5 Nxd4 10. Qxd4 Qa5+ 11. Qd2 Qxd2+ 12. Nxd2 Nxd5 13. Bxg7 Kxg7 14. Bf3 Rd8 15. Nc4 b6 16. 0-0-0 Be6 17. Kb2 Rac8 18. Rd4 Nb4 19. Rhd1 Rxd4 20. Rxd4 Bxc4 21. bxc4 Rc7 22. Kb3 Na6 23. Rd8 Rd7 24. Rxd7 Nc5+ 25. Kb4 Nxd7 26. Kb5 Nb8 27. a4 Kf6 28. c5 bxc5 29. Kxc5 Ke5 30. Bb7 g5 31. g3 g4 32. Bc8 f5 33. Bb7 h6 34. a5 Ke6 35. e4 fxe4 36. Bxe4 Ke5 37. Bb7 h5 38. Bg2 Ke6 39. h4 gxh3 40. Bxh3+ Ke5 41. f3 Kf6 42. Kd5 Kf7 43. Bc8 Kf6 44. Bb7 Kf5 45. Bc6 Kg5 46. Bb5 Kf5 47. Be8 Kg5 48. Ke6 Na6 49. Kxe7 Nc5 50. Bf7 Kf5 51. Bxh5 a6 52. Bg4+ Kg5 53. Be6 1-0

[Event "Sarajevo Agent Locator Cup"]
[Site "Sarajevo"]
[Date "2022.12.29"]
[Round "7"]
[White "Konjicanin, Muris"]
[Black "Marjanovic, Dejan"]
[Result "1/2-1/2"]
[WhiteElo "2220"]
[BlackElo "2387"]
[PlyCount "194"]
[EventDate "2022.12.23"]
[EventType "tourn"]
[EventRounds "9"]
[EventCountry "BIH"]
[EventCategory "7"]
[SourceTitle "CBM 211 Extra"]
[Source "ChessBase"]
[SourceDate "2023.01.31"]
[SourceVersion "1"]
[SourceVersionDate "2023.01.31"]
[SourceQuality "1"]

1. Nf3 g6 2. d4 Bg7 3. g3 c5 4. c3 Qa5 5. Nbd2 cxd4 6. cxd4 Nc6 7. e3 Nf6 8. Bg2 Qa6 9. Bf1 Qa5 10. Bg2 0-0 11. 0-0 d6 12. a3 Bf5 13. b4 Qb5 14. Re1 a5 15. Bf1 Qb6 16. Nc4 Qd8 17. b5 Nb8 18. a4 Nbd7 19. Bb2 h6 20. Bg2 g5 21. Nfd2 d5 22. Ne5 e6 23. Nxd7 Qxd7 24. Nb3 b6 25. Qe2 Rfc8 26. Rec1 Bf8 27. Nd2 Bb4 28. Nf3 Bg4 29. h3 Bxf3 30. Bxf3 Qd6 31. Qd3 Rab8 32. Rc2 Rxc2 33. Qxc2 Rd8 34. Kf1 Rd7 35. Qd3 Rc7 36. Rc1 h5 37. Qd1 h4 38. gxh4 gxh4 39. Ke2 Rxc1 40. Qxc1 Kf8 41. Bg2 Qh2 42. Qh1 Qc7 43. Qc1 Qd6 44. Bf3 Ke7 45. Qg1 Ba3 46. Bc3 Qc7 47. Kd2 Qc4 48. Qd1 Bb4 49. Bxb4+ Qxb4+ 50. Ke2 Ne8 51. Qc2 Qd6 52. Qh7 Qa3 53. Qc2 Kf8 54. Bh5 Nf6 55. Bf3 Kg7 56. Kf1 Qd6 57. Kg2 Kf8 58. Qc8+ Ke7 59. Qc3 Qb4 60. Qc2 Ne8 61. Be2 Kd8 62. Qh7 Qe7 63. Qg8 Kd7 64. Bh5 Nd6 65. Be2 Kc7 66. Qa8 Nb7 67. Qg8 Nd6 68. Bd3 Qf6 69. Kf1 Qd8 70. Qxd8+ Kxd8 71. Ke2 Ke7 72. Kf3 f5 73. Ke2 Kf6 74. f4 Ke7 75. Kd2 Ne8 76. Kc2 Kd6 77. Be2 Ke7 78. Bd3 Nd6 79. Kd2 Kf7 80. Ke2 Ne8 81. Kd2 Nf6 82. Ke2 Nh5 83. Kd2 Ng3 84. Ke1 Ke7 85. Kd2 Kd6 86. Kd1 Ke7 87. Ke1 Kf6 88. Kd1 Nh1 89. Ke1 Ke7 90. Be2 Ng3 91. Bf3 Kd6 92. Kd2 Ke7 93. Ke1 Kf6 94. Kd2 Kg7 95. Ke1 Kg6 96. Kd2 Nf1+ 97. Ke2 Ng3+ 1/2-1/2

[Event "Sarajevo Agent Locator Cup"]
[Site "Sarajevo"]
[Date "2022.12.23"]
[Round "2"]
[White "Nikolic, Predrag"]
[Black "Konjicanin, Muris"]
[Result "1-0"]
[WhiteElo "2537"]
[BlackElo "2220"]
[PlyCount "107"]
[EventDate "2022.12.23"]
[EventType "tourn"]
[EventRounds "9"]
[EventCountry "BIH"]
[EventCategory "7"]
[SourceTitle "CBM 211 Extra"]
[Source "ChessBase"]
[SourceDate "2023.01.31"]
[SourceVersion "1"]
[SourceVersionDate "2023.01.31"]
[SourceQuality "1"]

1. d4 d5 2. Nf3 e6 3. c4 dxc4 4. Qa4+ Nd7 5. Qxc4 a6 6. e4 b5 7. Qc6 Rb8 8. Bg5 Be7 9. Bxe7 Nxe7 10. Qc2 Bb7 11. Nbd2 0-0 12. Nb3 Rc8 13. Be2 Ng6 14. 0-0 Qe7 15. Rac1 Nf4 16. Rfe1 Nxe2+ 17. Rxe2 Rfd8 18. Na5 Ba8 19. Nc6 Bxc6 20. Qxc6 Qd6 21. Rec2 Nb6 22. b3 Nc4 23. Qxd6 Nxd6 24. Rxc7 Rxc7 25. Rxc7 Nxe4 26. Kf1 f6 27. Ke2 b4 28. Ke3 Nc3 29. Rc6 Nxa2 30. Rxa6 Nc1 31. Rxe6 Nxb3 32. Rb6 Re8+ 33. Kd3 Nc1+ 34. Kd2 Na2 35. d5 Rd8 36. d6 Nc3 37. Kd3 Nd5 38. Rc6 b3 39. Kc4 b2 40. Nd2 Nf4 41. g3 Ng6 42. Rb6 Kf7 43. Ne4 Ne5+ 44. Kd5 Nd3 45. Rb7+ Kg6 46. Nc5 Ne5 47. f4 Nf7 48. d7 Ra8 49. Rxb2 Nd8 50. Kd6 Kf7 51. Re2 Ra7 52. Re8 Ra8 53. Kc7 Ne6+ 54. Rxe6 1-0

[Event "Sarajevo Galijatovic Memorial 8th"]
[Site "Sarajevo"]
[Date "2022.03.14"]
[Round "5"]
[White "Konjicanin, Muris"]
[Black "Dizdarevic, Emir"]
[Result "0-1"]
[WhiteElo "2166"]
[BlackElo "2379"]
[PlyCount "108"]
[EventDate "2022.03.12"]
[EventType "tourn"]
[EventRounds "9"]
[EventCountry "BIH"]
[SourceTitle "CBM 207 Extra"]
[Source "ChessBase"]
[SourceDate "2022.05.31"]
[SourceVersion "1"]
[SourceVersionDate "2022.05.31"]
[SourceQuality "1"]

1. d4 e6 2. e4 d5 3. exd5 exd5 4. Bd3 c5 5. dxc5 Bxc5 6. Nf3 Nf6 7. 0-0 0-0 8. Nbd2 h6 9. h3 Nc6 10. Nb3 Bb6 11. Bf4 Ne4 12. c3 Qf6 13. Bh2 Bf5 14. Nbd4 Bg6 15. a4 Rfe8 16. Qc1 Bxd4 17. Nxd4 Nxc3 18. bxc3 Bxd3 19. Rd1 Nxd4 20. cxd4 Rac8 21. Qf4 Qxf4 22. Bxf4 Be2 23. Rdc1 Bc4 24. Re1 Re4 25. Rxe4 dxe4 26. Rc1 Rc6 27. Bb8 a5 28. Ba7 b5 29. axb5 Bxb5 30. Rxc6 Bxc6 31. Kf1 g5 32. Ke2 Kg7 33. Bc5 Kg6 34. Ke3 Kf5 35. Bf8 h5 36. Be7 f6 37. Ba3 Bd5 38. Bc1 h4 39. Ba3 Ke6 40. Bc1 a4 41. Ba3 f5 42. Ke2 f4 43. Bc1 Bc4+ 44. Ke1 Kf5 45. Ba3 Ke6 46. d5+ Bxd5 47. Bc5 Kf5 48. Kf1 Bc4+ 49. Ke1 g4 50. hxg4+ Kxg4 51. Be7 Bb5 52. Bd6 f3 53. gxf3+ Kxf3 54. Kd2 Kxf2 0-1

[Event "Sarajevo Agentlocator Cup op 2nd"]
[Site "Sarajevo"]
[Date "2021.12.25"]
[Round "1"]
[White "Konjicanin, Muris"]
[Black "Mrndjic, Muamer"]
[Result "1-0"]
[WhiteElo "2183"]
[BlackElo "2274"]
[PlyCount "61"]
[EventDate "2021.12.23"]
[EventType "tourn"]
[EventRounds "9"]
[EventCountry "BIH"]
[SourceTitle "CBM 206 Extra"]
[Source "ChessBase"]
[SourceDate "2022.03.31"]
[SourceVersion "1"]
[SourceVersionDate "2022.03.31"]
[SourceQuality "1"]

1. d4 Nf6 2. Nf3 d5 3. c4 e6 4. Nc3 Be7 5. Bg5 0-0 6. e3 b6 7. cxd5 exd5 8. Be2 Bb7 9. 0-0 Nbd7 10. Rc1 a6 11. Ne5 Rc8 12. Qb3 b5 13. Nxd7 Qxd7 14. h3 Rcd8 15. Bf3 c6 16. Ne2 h6 17. Bf4 Ne8 18. Rc2 Nd6 19. Bxd6 Bxd6 20. Nc1 a5 21. Nd3 Qe7 22. Nc5 Bc8 23. Qd3 a4 24. Rfc1 Qf6 25. Bg4 Rfe8 26. Bxc8 Rxc8 27. Nb7 Bb8 28. Qe2 Re6 29. Nc5 Ree8 30. Qf3 Qe7 31. Na6 1-0

[Event "BIH-chT 19th"]
[Site "Neum"]
[Date "2021.09.20"]
[Round "4.6"]
[White "Konjicanin, Muris"]
[Black "Sitnic, Adnan"]
[Result "1-0"]
[WhiteElo "2212"]
[BlackElo "2244"]
[PlyCount "95"]
[EventDate "2021.09.17"]
[EventType "team-tourn"]
[EventRounds "9"]
[EventCountry "BIH"]
[SourceTitle "EXT 2023"]
[Source "ChessBase"]
[SourceDate "2022.10.05"]
[SourceVersion "1"]
[SourceVersionDate "2022.10.05"]
[SourceQuality "1"]
[WhiteTeam "Pazaric Bjelasnica"]
[BlackTeam "Sarajevo SK"]
[WhiteTeamCountry "BIH"]
[BlackTeamCountry "BIH"]

1. d4 Nf6 2. Nf3 e6 3. e3 b6 4. Be2 Bb7 5. 0-0 c5 6. b3 Be7 7. Bb2 0-0 8. c4 cxd4 9. Nxd4 d5 10. cxd5 Nxd5 11. Bf3 Qd7 12. Nc3 Rd8 13. Rc1 Nxc3 14. Bxc3 Na6 15. Bb2 Rac8 16. Rxc8 Rxc8 17. Nf5 Qxd1 18. Nxe7+ Kf8 19. Rxd1 Bxf3 20. Nxc8 Bxd1 21. Nxa7 Be2 22. f3 f6 23. Kf2 Bd3 24. Ke1 Ke8 25. Nc6 e5 26. Ba3 Kd7 27. Ne7 Bb1 28. Kd2 Ke6 29. e4 Nc7 30. Nf5 Nb5 31. Bb2 g6 32. Ne3 f5 33. exf5+ gxf5 34. Nc4 e4 35. fxe4 fxe4 36. a4 Nc7 37. Nxb6 e3+ 38. Kxe3 Bc2 39. b4 Bxa4 40. Nxa4 Nd5+ 41. Ke4 Nxb4 42. Nc5+ Kf7 43. Nd3 Na6 44. Be5 Ke6 45. g4 Kf7 46. Kf5 Ke7 47. h4 Kf7 48. g5 1-0

[Event "BIH-chT 19th"]
[Site "Neum"]
[Date "2021.09.18"]
[Round "2.5"]
[White "Maksimovic, Bojan"]
[Black "Konjicanin, Muris"]
[Result "1-0"]
[WhiteElo "2432"]
[BlackElo "2212"]
[PlyCount "99"]
[EventDate "2021.09.17"]
[EventType "team-tourn"]
[EventRounds "9"]
[EventCountry "BIH"]
[SourceTitle "EXT 2023"]
[Source "ChessBase"]
[SourceDate "2022.10.05"]
[SourceVersion "1"]
[SourceVersionDate "2022.10.05"]
[SourceQuality "1"]
[WhiteTeam "Sarajevo Bosna"]
[BlackTeam "Pazaric Bjelasnica"]
[WhiteTeamCountry "BIH"]
[BlackTeamCountry "BIH"]

1. e4 e6 2. d4 d5 3. Nc3 dxe4 4. Nxe4 Bd7 5. Nf3 Bc6 6. Bd3 Nd7 7. c3 Ngf6 8. Nxf6+ Qxf6 9. Bg5 Bxf3 10. Qd2 Bxg2 11. Bxf6 Bxh1 12. Bh4 Bd6 13. 0-0-0 Bc6 14. Rg1 g6 15. Bg3 Bxg3 16. fxg3 0-0-0 17. Qf2 f5 18. Re1 Rhe8 19. d5 exd5 20. Rxe8 Rxe8 21. Qxa7 Nb6 22. Qa3 Kd7 23. Qb4 Re7 24. Qd4 Ke8 25. b4 Ba4 26. Kd2 Kf7 27. Qh8 Be8 28. Qxh7+ Kf8 29. Qh8+ Kf7 30. Qd4 Kf8 31. b5 Nc4+ 32. Bxc4 dxc4 33. Qxc4 Bf7 34. Qa4 b6 35. Qa8+ Be8 36. Qa4 Kg7 37. h4 Rd7+ 38. Kc2 Kf7 39. c4 Rd4 40. Kc3 Re4 41. Qa7 Re3+ 42. Kb4 Re7 43. Qb8 Kf6 44. c5 Re4+ 45. Ka3 Re3+ 46. Kb2 bxc5 47. Qxc7 c4 48. Qxc4 Re4 49. Qc3+ Ke6 50. b6 1-0

[Event "Sarajevo-ch"]
[Site "Sarajevo"]
[Date "2021.06.05"]
[Round "8"]
[White "Hadzovic, Amir"]
[Black "Konjicanin, Muris"]
[Result "0-1"]
[WhiteElo "2267"]
[BlackElo "2202"]
[PlyCount "98"]
[EventDate "2021.05.30"]
[EventType "tourn"]
[EventRounds "9"]
[EventCountry "BIH"]
[SourceTitle "CBM 202 Extra"]
[Source "ChessBase"]
[SourceDate "2021.07.31"]
[SourceVersion "1"]
[SourceVersionDate "2021.07.31"]
[SourceQuality "1"]

1. e4 d5 2. exd5 Qxd5 3. Nc3 Qd8 4. d4 Nf6 5. Nf3 Bg4 6. h3 Bxf3 7. Qxf3 c6 8. Be3 e6 9. Bd3 Be7 10. 0-0 0-0 11. Rad1 Nbd7 12. Ne4 Nxe4 13. Qxe4 Nf6 14. Qh4 Re8 15. c4 Qa5 16. a3 Rad8 17. Kh1 Qh5 18. Qg3 c5 19. dxc5 Bxc5 20. Qc7 Bxe3 21. fxe3 Rb8 22. Rd2 Qg5 23. Rdf2 Rec8 24. Qd6 Rd8 25. Qc7 Qxe3 26. Rf3 Qg5 27. Rg3 Qh4 28. Qe5 Kf8 29. Qc5+ Kg8 30. Qe5 Kf8 31. Qc5+ Kg8 32. Qe5 Kh8 33. Qe3 b6 34. Rf4 Qh6 35. Rgf3 Rbc8 36. Qf2 Rc7 37. Kh2 Rcd7 38. Be4 Rd4 39. Re3 Rd2 40. Qf3 Rxb2 41. Bc6 Rbd2 42. Qf1 Ng4+ 43. Rxg4 Qxe3 44. Qxf7 Qe5+ 45. Rg3 R2d3 46. Bf3 R3d7 47. Qh5 Qxh5 48. Bxh5 Rd3 49. Rg5 Rxa3 0-1

[Event "Sarajevo-ch"]
[Site "Sarajevo"]
[Date "2021.06.04"]
[Round "7"]
[White "Konjicanin, Muris"]
[Black "Hodzic, Nihad"]
[Result "0-1"]
[WhiteElo "2202"]
[BlackElo "2284"]
[PlyCount "148"]
[EventDate "2021.05.30"]
[EventType "tourn"]
[EventRounds "9"]
[EventCountry "BIH"]
[SourceTitle "CBM 202 Extra"]
[Source "ChessBase"]
[SourceDate "2021.07.31"]
[SourceVersion "1"]
[SourceVersionDate "2021.07.31"]
[SourceQuality "1"]

1. d4 f5 2. Nf3 Nf6 3. c4 g6 4. g3 Bg7 5. Bg2 0-0 6. 0-0 d6 7. Nc3 Nc6 8. d5 Ne5 9. Nxe5 dxe5 10. Qc2 a6 11. b3 Qe8 12. Rd1 h6 13. f3 g5 14. Be3 f4 15. Bf2 g4 16. Rf1 Qh5 17. Rae1 Bf5 18. Qd1 Qg6 19. e4 Bd7 20. Qd2 Nh5 21. fxg4 Bxg4 22. Bc5 f3 23. Bh1 Bh3 24. Rxf3 Rxf3 25. Bxf3 Nxg3 26. Bg2 Nh5 27. Kh1 Bg4 28. Rf1 Bf6 29. Be3 Bg5 30. Ne2 Bxe3 31. Qxe3 Bxe2 32. Qxe2 Nf4 33. Qf3 Kh8 34. Bh3 Rg8 35. Bf5 Qg5 36. Qf2 a5 37. Rg1 Qxg1+ 38. Qxg1 Rxg1+ 39. Kxg1 Ne2+ 40. Kf2 Nc1 41. Bc8 b6 42. Kf3 Kg7 43. Kg4 Kf6 44. Kh5 Kg7 45. Kg4 Kg6 46. Bd7 Nxa2 47. Be8+ Kf6 48. Kh5 Nc3 49. Bg6 Kg7 50. Bf5 Nb1 51. Bg4 Nd2 52. Bd1 Nxe4 53. Bc2 Nd6 54. Kg4 a4 55. bxa4 Nxc4 56. Bd3 Ne3+ 57. Kf3 Nxd5 58. Ke4 Nc3+ 59. Kxe5 Nxa4 60. Kd5 Nc5 61. Bc2 Kf6 62. Kc6 Ne6 63. Bd1 Nd4+ 64. Kxc7 b5 65. Kb6 e5 66. Kc5 Kf5 67. Kd5 Kf4 68. h4 b4 69. Kc4 b3 70. Kc3 Kg3 71. h5 Kf4 72. Kb2 e4 73. Kc3 Ke5 74. Bg4 e3 0-1

[Event "Sarajevo-ch"]
[Site "Sarajevo"]
[Date "2021.06.03"]
[Round "6"]
[White "Kurtcehajic, Suad"]
[Black "Konjicanin, Muris"]
[Result "0-1"]
[WhiteElo "1955"]
[BlackElo "2202"]
[PlyCount "118"]
[EventDate "2021.05.30"]
[EventType "tourn"]
[EventRounds "9"]
[EventCountry "BIH"]
[SourceTitle "CBM 202 Extra"]
[Source "ChessBase"]
[SourceDate "2021.07.31"]
[SourceVersion "1"]
[SourceVersionDate "2021.07.31"]
[SourceQuality "1"]

1. e4 e6 2. d4 d5 3. Nd2 dxe4 4. Nxe4 Bd7 5. Nf3 Bc6 6. Bd3 Nd7 7. 0-0 Ngf6 8. Qe2 Be7 9. Re1 0-0 10. c3 Nxe4 11. Bxe4 Bxe4 12. Qxe4 c6 13. Ne5 Nxe5 14. dxe5 Qd5 15. Qg4 Qd3 16. Rd1 Qb5 17. Rd7 Qxe5 18. Bf4 Qf6 19. Rxb7 Rfd8 20. Be3 Rab8 21. Rxb8 Rxb8 22. b3 c5 23. Qf4 Qxf4 24. Bxf4 Rd8 25. Be3 Rd3 26. Rc1 f5 27. Kf1 e5 28. Ke2 e4 29. f3 Kf7 30. c4 Ke6 31. Rd1 Rxd1 32. Kxd1 exf3 33. gxf3 g5 34. h3 h5 35. Ke2 Ke5 36. a3 a6 37. Bc1 g4 38. fxg4 hxg4 39. hxg4 fxg4 40. Bd2 Kd4 41. Kf2 Kd3 42. Ba5 Bd6 43. Kg2 Be5 44. Bb6 Kc3 45. Bxc5 Kxb3 46. Be3 Kxc4 47. Kf1 Bd6 48. Ke2 Bxa3 49. Kd2 Bd6 50. Bb6 Bf4+ 51. Kc2 g3 52. Kd1 Kd3 53. Ke1 g2 54. Kf2 Be3+ 55. Bxe3 g1Q+ 56. Kxg1 Kxe3 57. Kf1 Kd2 58. Kf2 a5 59. Kf3 a4 0-1

[Event "Sarajevo-ch"]
[Site "Sarajevo"]
[Date "2021.05.30"]
[Round "2"]
[White "Drino, Faris"]
[Black "Konjicanin, Muris"]
[Result "0-1"]
[WhiteElo "1828"]
[BlackElo "2202"]
[PlyCount "108"]
[EventDate "2021.05.30"]
[EventType "tourn"]
[EventRounds "9"]
[EventCountry "BIH"]
[SourceTitle "CBM 202 Extra"]
[Source "ChessBase"]
[SourceDate "2021.07.31"]
[SourceVersion "1"]
[SourceVersionDate "2021.07.31"]
[SourceQuality "1"]

1. e4 e6 2. d3 d5 3. Nd2 c5 4. Ngf3 dxe4 5. dxe4 Nc6 6. Bd3 Nge7 7. a4 Ng6 8. Nc4 Nb4 9. h4 Nxd3+ 10. cxd3 Ne7 11. Bf4 Nc6 12. Nfe5 Nxe5 13. Bxe5 Bd7 14. Nd6+ Bxd6 15. Bxd6 Qb6 16. e5 Qb4+ 17. Kf1 Bc6 18. Rh3 0-0-0 19. Rc1 Qxa4 20. Qxa4 Bxa4 21. Rxc5+ Bc6 22. b4 a6 23. d4 Kd7 24. f4 Rc8 25. Kf2 b6 26. Rc1 Bd5 27. Rhc3 Rxc3 28. Rxc3 Rc8 29. Rxc8 Kxc8 30. g4 Kd7 31. Ke3 Kc6 32. Kd3 Bf3 33. g5 g6 34. Be7 a5 35. bxa5 bxa5 36. Bd8 a4 37. Be7 Kd5 38. Ba3 Bg2 39. Be7 Bf1+ 40. Kc3 Bb5 41. Kb4 Be8 42. Kc3 Ke4 43. Bc5 Kxf4 44. Be7 Kg4 45. Kd3 Kxh4 46. Ke3 a3 47. Bxa3 Kxg5 48. Be7+ Kg4 49. Bb4 h5 50. Be1 h4 51. Kf2 g5 52. Kg2 Bc6+ 53. Kh2 Bd5 54. Bf2 Kh5 0-1

[Event "Sarajevo Bosna op 48th"]
[Site "Sarajevo"]
[Date "2018.05.08"]
[Round "6"]
[White "Konjicanin, Muris"]
[Black "Bucan, Eldin"]
[Result "1-0"]
[WhiteElo "2289"]
[BlackElo "2115"]
[PlyCount "117"]
[EventDate "2018.05.05"]
[EventType "swiss"]
[EventRounds "9"]
[EventCountry "BIH"]
[SourceTitle "CBM 184 Extra"]
[Source "ChessBase"]
[SourceDate "2018.06.28"]
[SourceVersion "1"]
[SourceVersionDate "2018.06.28"]
[SourceQuality "1"]

1. d4 Nf6 2. Nf3 e6 3. c4 Bb4+ 4. Nbd2 0-0 5. g3 d5 6. Qc2 Nc6 7. Bg2 Re8 8. 0-0 Bd6 9. e4 dxe4 10. Nxe4 Nxe4 11. Qxe4 h6 12. Rd1 Qf6 13. c5 Be7 14. Bf4 Bd8 15. d5 Nb8 16. Rac1 g5 17. Be5 Qf5 18. Qxf5 exf5 19. Re1 Nd7 20. Bd4 Re4 21. Rcd1 Be7 22. c6 Nb6 23. Ne5 Rxe1+ 24. Rxe1 Kf8 25. cxb7 Bxb7 26. d6 cxd6 27. Bxb7 Rb8 28. Bxb6 dxe5 29. Bc7 Rxb7 30. Bxe5 f6 31. Bd4 Rd7 32. Bc3 Kf7 33. Kf1 Bc5 34. Rc1 Bb6 35. Ke2 Re7+ 36. Kf1 Rd7 37. Re1 h5 38. Re2 h4 39. gxh4 g4 40. Rd2 Rxd2 41. Bxd2 Bc7 42. Kg2 Kg6 43. b4 a6 44. a4 Kh5 45. Bc3 Bd8 46. b5 axb5 47. axb5 Kxh4 48. Bd4 f4 49. Ba7 f3+ 50. Kf1 Be7 51. Bb8 Bc5 52. Bc7 Kh3 53. b6 Bxb6 54. Bxb6 f5 55. Bc7 Kh4 56. Bf4 Kh5 57. Ke1 Kh4 58. Kd2 Kh3 59. Ke3 1-0

[Event "Sarajevo Bosna op 48th"]
[Site "Sarajevo"]
[Date "2018.05.06"]
[Round "2"]
[White "Konjicanin, Muris"]
[Black "Diermair, Andreas"]
[Result "0-1"]
[WhiteElo "2289"]
[BlackElo "2504"]
[PlyCount "60"]
[EventDate "2018.05.05"]
[EventType "swiss"]
[EventRounds "9"]
[EventCountry "BIH"]
[SourceTitle "CBM 184 Extra"]
[Source "ChessBase"]
[SourceDate "2018.06.28"]
[SourceVersion "1"]
[SourceVersionDate "2018.06.28"]
[SourceQuality "1"]

1. d4 Nf6 2. Nf3 e6 3. c4 c5 4. Nc3 cxd4 5. Nxd4 Nc6 6. e3 Bb4 7. Qc2 0-0 8. a3 Bc5 9. Nf3 a6 10. Be2 d5 11. 0-0 Qe7 12. Rd1 dxc4 13. Bxc4 b5 14. Be2 Bb7 15. b4 Bd6 16. Bb2 Rac8 17. Rac1 Ne5 18. Qd2 Rfd8 19. Nxe5 Bxe5 20. Qe1 Ne8 21. Rxd8 Rxd8 22. Rd1 Rc8 23. Qd2 Qc7 24. Rc1 Bxh2+ 25. Kh1 Qb8 26. f4 Bg3 27. Nd1 Rd8 28. Qc2 Qd6 29. Kg1 e5 30. Nf2 exf4 0-1

[Event "BIH-chT 12th"]
[Site "Sarajevo"]
[Date "2013.06.18"]
[Round "4.3"]
[White "Tomic, Bosko"]
[Black "Konjicanin, Muris"]
[Result "1/2-1/2"]
[WhiteElo "2430"]
[BlackElo "2286"]
[PlyCount "75"]
[EventDate "2013.06.15"]
[EventType "team-tourn"]
[EventRounds "9"]
[EventCountry "BIH"]
[SourceTitle "CBM 155 Extra"]
[Source "ChessBase"]
[SourceDate "2013.08.26"]
[SourceVersion "1"]
[SourceVersionDate "2013.08.26"]
[SourceQuality "1"]
[WhiteTeam "Zvornik Drina"]
[BlackTeam "Sarajevo Zeljeznicar"]
[WhiteTeamCountry "BIH"]
[BlackTeamCountry "BIH"]

1. e4 e6 2. d4 d5 3. Nd2 dxe4 4. Nxe4 Nd7 5. Nf3 Ngf6 6. Nxf6+ Nxf6 7. Ne5 Be7 8. Be3 0-0 9. Bd3 c5 10. c3 cxd4 11. Bxd4 Qc7 12. 0-0 b6 13. Ng4 Nxg4 14. Qxg4 g6 15. Rfe1 Rd8 16. Re3 Bc5 17. Bxc5 bxc5 18. Bc4 Rb8 19. b3 Qe7 20. Rd1 Bb7 21. Red3 Rxd3 22. Rxd3 Rd8 23. Qd1 Rxd3 24. Bxd3 Qd6 25. Be2 Qe5 26. Qd2 Kg7 27. Bf1 Bd5 28. f4 Qf5 29. Qe3 a5 30. c4 Bb7 31. h3 h6 32. Qc3+ Qf6 33. Qxa5 Qd4+ 34. Kh1 Qa1 35. Kg1 Qd4+ 36. Kh1 Qa1 37. Kg1 Qd4+ 38. Kh1 1/2-1/2

[Event "BIH-chT 12th"]
[Site "Sarajevo"]
[Date "2013.06.17"]
[Round "3.3"]
[White "Konjicanin, Muris"]
[Black "Popovic, Dusan"]
[Result "0-1"]
[WhiteElo "2286"]
[BlackElo "2562"]
[PlyCount "114"]
[EventDate "2013.06.15"]
[EventType "team-tourn"]
[EventRounds "9"]
[EventCountry "BIH"]
[SourceTitle "CBM 155 Extra"]
[Source "ChessBase"]
[SourceDate "2013.08.26"]
[SourceVersion "1"]
[SourceVersionDate "2013.08.26"]
[SourceQuality "1"]
[WhiteTeam "Sarajevo Zeljeznicar"]
[BlackTeam "Prijedor Rudar"]
[WhiteTeamCountry "BIH"]
[BlackTeamCountry "BIH"]

1. d4 Nf6 2. c4 g6 3. Nc3 Bg7 4. Nf3 d6 5. e4 0-0 6. Be2 e5 7. 0-0 Nc6 8. d5 Ne7 9. Ne1 Nd7 10. f3 f5 11. g4 Nf6 12. Be3 b6 13. Nd3 Kh8 14. h3 c6 15. Qd2 Bb7 16. Rac1 b5 17. b3 a5 18. g5 Nh5 19. dxc6 Nxc6 20. Nxb5 Ng3 21. Bf2 Nxf1 22. Bxf1 fxe4 23. fxe4 Nd4 24. Nxd4 exd4 25. Bg2 Re8 26. Re1 Re7 27. Nf4 Qb6 28. Ne2 Qb4 29. Qd3 Rf8 30. Rf1 Qc5 31. h4 Ref7 32. Bxd4 Bxd4+ 33. Qxd4+ Qxd4+ 34. Nxd4 Rxf1+ 35. Bxf1 Bxe4 36. Bg2 Rf4 37. Bxe4 Rxe4 38. Nc6 a4 39. Kf2 Rxh4 40. Kg3 Rh1 41. Kf4 Rh2 42. bxa4 Rh4+ 43. Ke3 Rxc4 44. Nd8 Rxa4 45. Nf7+ Kg7 46. Nxd6 Rxa2 47. Kf4 Ra4+ 48. Ke5 h5 49. gxh6+ Kxh6 50. Ne4 Rxe4+ 51. Kxe4 Kg5 52. Kf3 Kh4 53. Kf2 Kh3 54. Kf3 g5 55. Kf2 g4 56. Kg1 Kg3 57. Kh1 Kf2 0-1